People Who Lost the Republican or Democrat Primary - Statistics

General Stats
  • This quiz has been taken 38 times
  • The average score is 17 of 34
Answer Stats
Party Year Answer % Correct
Democrat 2020 Bernie Sanders
85%
Democrat 2016 Bernie Sanders
85%
Democrat 2008 Hillary Clinton
81%
Republican 2024 Nikki Haley
77%
Democrat 1968 Robert F. Kennedy
73%
Democrat 1980 Ted Kennedy
73%
Republican 2000 John McCain
69%
Republican 2016 Ted Cruz
69%
Republican 1976 Ronald Reagan
65%
Republican 1988 Bob Dole
62%
Republican 1980 George H. W. Bush
62%
Democrat 2004 John Edwards
58%
Republican 2008 Mitt Romney
58%
Democrat 2024 u
54%
Democrat 2012 u
54%
Republican 2004 u
54%
Democrat 1996 u
54%
Republican 1972 u
54%
Democrat 1960 Hubert Humphrey
46%
Republican 2012 Rick Santorum
46%
Republican 2020 Bill Weld
38%
Republican 1968 Nelson Rockefeller
38%
Republican 1964 Nelson Rockefeller
38%
Republican 1960 Nelson Rockefeller
38%
Republican 1996 Pat Buchanan
35%
Republican 1992 Pat Buchanan
35%
Democrat 1988 Jesse Jackson
31%
Democrat 2000 Bill Bradley
27%
Democrat 1984 Gary Hart
27%
Democrat 1972 George Wallace
19%
Democrat 1964 George Wallace
19%
Democrat 1992 Jerry Brown
19%
Republican 1984 Harold Stassen
12%
Democrat 1976 Mo Udall
8%
No matching quizzes found
Score Distribution
Percent of People with Each Score
Percentile by Number Answered
Your Score History
You have not taken this quiz